El Sí de las niñas: texto completo
Сохранить в:
| Главный автор: | |
|---|---|
| Формат: | |
| Язык: | испанский |
| Опубликовано: |
Santiago
Andres Bello
1996
|
| Редактирование: | 10a. ed |
| Предметы: | |
| Метки: |
Добавить метку
Нет меток, Требуется 1-ая метка записи!
|
MARC
| LEADER | 00000nam a2200000 a 4500 | ||
|---|---|---|---|
| 001 | UCH8342 | ||
| 003 | CL-VaPUC | ||
| 008 | 091127e19960000CL |||||||||||||||||spa|d | ||
| 020 | |a 9561313766 | ||
| 082 | 0 | 4 | |a 862 |b FER |2 21 |
| 100 | 0 | |a Fernández de Moratín, Leandro |e author |9 321783 | |
| 245 | 1 | 3 | |a El Sí de las niñas: texto completo |
| 250 | |a 10a. ed | ||
| 300 | |a 139 p | ||
| 942 | |c BK | ||
| 945 | |d 20091127 00:00:00 |a lazolas | ||
| 260 | |a Santiago |b Andres Bello |c 1996 | ||
| 650 | 0 | |a Literatura |9 259151 | |
| 650 | 0 | |a Literatura española |9 306261 | |
| 650 | 0 | |a Novelas españolas |9 265052 | |
| 650 | 0 | |a Escritores españoles |9 318145 | |
| 650 | 0 | |a Cuentos |9 308079 | |
| 650 | 0 | |a Ficción |9 376687 | |
| 650 | 0 | |a Lectura |9 307634 | |
| 651 | 0 | |a España |9 254926 | |
| 583 | |a last modification |c 20091127 00:00:00 |k Rodrigo Vera | ||
| 999 | |c 338565 |d 338563 | ||